| 000 | 00582 a2200193 4500 | ||
|---|---|---|---|
| 999 |
_c183076 _d183076 |
||
| 005 | 20211216121550.0 | ||
| 010 | _aENG-130349 | ||
| 020 |
_c625.00 _a978-93-9121-101-1 |
||
| 035 | _aEN-113881 | ||
| 037 | _bDBAD / PUB | ||
| 082 | _a340.07254 | ||
| 100 | _aSingh, Rattan | ||
| 245 |
_aLegal Research Methodology: _cRattan Singh |
||
| 250 | _a2021 | ||
| 260 |
_bLexisNexis _c2021 _aHaryana |
||
| 270 |
_bGurgaon _a14th Floor, Building No. 10, Tower-B, DLF Cyber City, Phase-II _e122002 |
||
| 300 |
_a384p. _c24cm (pbk) |
||
| 942 |
_adpl _cEN _2ddc _h340.07254 _mRAT |
||